书目信息 |
| 题名: |
酶的凝胶电泳检测手册
|
|
| 作者: | 曼琴科 著 ;华子春 , 郑伟娟 译 | |
| 分册: | ||
| 出版信息: | 北京 化学工业出版社 2008.01 |
|
| 页数: | 579页 | |
| 开本: | 26cm | |
| 丛书名: | ||
| 单 册: | ||
| 中图分类: | Q550.3 | |
| 科图分类: | ||
| 主题词: | 酶 | |
| 电子资源: | ||
| ISBN: | 978-7-5025-9377-3 | |
| 000 | 00950 nam 000265 | |
| 001 | 0100016571 | |
| 005 | 20111224115825.76 | |
| 010 | @a978-7-5025-9377-3@b精装@dCNY99.00 | |
| 100 | @a20101202d2010 em y0chiy0121 ea | |
| 101 | @achi | |
| 102 | @aCN@b110000 | |
| 105 | @ay z 000yy | |
| 200 | 1 | @a酶的凝胶电泳检测手册@Amei de ning jiao dian yong jian ce shou ce@f(俄)曼琴科著@Fe man qin ke zhu@g华子春,郑伟娟等译@Ghua zi chun zheng wei juan den yi |
| 210 | @a北京@c化学工业出版社@d2008.01 | |
| 215 | @a579页@d26cm | |
| 330 | @a本书扼要介绍酶凝胶电泳检测技术的一般原理和方法,着重讲述了400多种酶的900多种检测方法,酶单页按照酶的EC编号排列,方便读者查阅。 | |
| 540 | @a酶的凝胶电泳检测手册 | |
| 606 | @a酶 | |
| 690 | @aQ550.3@v4 | |
| 701 | 0 | @a曼琴科@Aman qin ke@4著 |
| 702 | @a华子春@Ahua zi chun@4译 | |
| 702 | @a郑伟娟@Azheng wei juan@4译 | |
| 801 | @aCN@bDYGS@c20111224 | |
| 901 | @a211124 | |
| 905 | @b974974-6@dQ550.3@eM313@f3 | |
| 酶的凝胶电泳检测手册/(俄)曼琴科著/华子春,郑伟娟等译.-北京:化学工业出版社,2008.01 |
| 579页;26cm |
| ISBN 978-7-5025-9377-3(精装):CNY99.00 |
| 本书扼要介绍酶凝胶电泳检测技术的一般原理和方法,着重讲述了400多种酶的900多种检测方法,酶单页按照酶的EC编号排列,方便读者查阅。 |
| ● |
| 相关链接 |
|
|
|
正题名:酶的凝胶电泳检测手册
索取号:Q550.3/M313
 
预约/预借
| 序号 | 登录号 | 条形码 | 馆藏地/架位号 | 状态 | 备注 |
| 1 | 1066085 | 210660854 | 自科库401/401自科库 30排1列5层/ [索取号:Q550.3/M313] | 在馆 | |
| 2 | 1066086 | 210660863 | 自科库401/401自科库 30排1列5层/ [索取号:Q550.3/M313] | 在馆 | |
| 3 | 1066087 | 210660872 | 自科库401/401自科库 30排1列5层/ [索取号:Q550.3/M313] | 在馆 |